| 000 | 00000nam##2200000za#4500 |
| 001 | 9.621990 |
| 003 | CaOODSP |
| 005 | 20200401044523 |
| 007 | ta |
| 008 | 150406|1992||||xxc||||| f|0| 0 fre|d |
| 040 | |aCaOODSP|bfre |
| 043 | |an-cn--- |
| 086 | 1 |aFs97-6/1896F |
| 110 | 1 |aCanada. |bMinistère des pêches et des océans. |
| 245 | 10|aApercu des rendements par casier et de la taille à maturité sexuelle de buccins communs du nord, Buccinum undatum, capturés le long de la côte est du Nouveau-Brunswick, 1992 / |cpar M. Lanteigne et L. A. Davidson. |
| 260 | |aOttawa - Ontario : |bPêches et Océans Canada |c1992. |
| 300 | |a27p. : |bfigures, graphiques, références, tableaux ; |c28 cm. |
| 490 | 1 |aRapport technique canadien des sciences halieutiques et aquatiques|v1896 |
| 500 | |aPréparé dans la Direction des sciences, Ministère des Pêches et des Océans, Centre des Pêches du Golfe, C.P. 5030, Moncton, Nouveau-Brunswick E1C 9B6. |
| 546 | |aAbstracts in English |
| 563 | |aCouverture souple |
| 691 | 07|aPêcheries|2gcpds |
| 720 | 1 |aLanteigne, M. |
| 720 | 1 |aDavidson, L. A. |
| 776 | 0#|tAperçu des rendements par casier et de la taille à maturité sexuelle de buccins communs du nord, Buccinum undatum, capturés le long de la cotê est du Nouveau-Brunswick, 1992 / |w(CaOODSP)9.604001 |
| 830 | #0|aRapport technique canadien des sciences halieutiques et aquatiques ;|v1896|w(CaOODSP)9.513051 |